[Event "ENG-ch Senior Over 50"]
[Site "Kenilworth"]
[Date "2025.04.25"]
[Round "2.9"]
[White "Faulkner, Martin J"]
[Black "Lazarus, Simon E"]
[Result "1/2-1/2"]
[WhiteElo "1796"]
[BlackElo "1874"]
[PlyCount "44"]
[EventDate "2025.04.24"]
[EventType "swiss"]
[EventRounds "7"]
[EventCountry "ENG"]
[SourceTitle "BritBase"]
[Source "John Saunders"]
[SourceDate "1997.08.31"]
[SourceVersion "1"]
[SourceVersionDate "1997.08.31"]
[SourceQuality "1"]

1. c4 e6 2. Nc3 d5 3. d4 c5 4. cxd5 cxd4 5. Qa4+ Bd7 6. Qxd4 exd5 7. Qxd5 Nc6 8. Nf3 Nf6 9. Qd1 Bc5 10. a3 Rc8 11. e3 O-O 12. Be2 Qe7 13. O-O Rfd8 14. Qc2 Ne5 15. Nxe5 Qxe5 16. Bf3 Ng4 17. Bxg4 Bxg4 18. Qa4 Bf5 19. Qh4 Be7 20. Qh5 g6 21. Qf3 Bd6 22. g3 b6 1/2-1/2

[Event "ENG-ch Senior Over 50"]
[Site "Kenilworth"]
[Date "2025.04.25"]
[Round "2.10"]
[White "Bolt, Graham"]
[Black "Homer, Neil S"]
[Result "1-0"]
[WhiteElo "1949"]
[BlackElo "1691"]
[PlyCount "128"]
[EventDate "2025.04.24"]
[EventType "swiss"]
[EventRounds "7"]
[EventCountry "ENG"]
[SourceTitle "BritBase"]
[Source "John Saunders"]
[SourceDate "1997.08.31"]
[SourceVersion "1"]
[SourceVersionDate "1997.08.31"]
[SourceQuality "1"]

1. Nf3 d5 2. g3 c5 3. Bg2 Nc6 4. d4 e6 5. O-O Nf6 6. c4 Be7 7. Nc3 O-O 8. cxd5 exd5 9. Bf4 c4 10. Ne5 Bf5 11. Nxc6 bxc6 12. Qd2 Bb4 13. Qc1 Re8 14. Bf3 Qd7 15. Bg5 Ne4 16. Be3 Nxc3 17. bxc3 Bd6 18. Bf4 Rab8 19. Bxd6 Qxd6 20. Re1 Be4 21. Bxe4 Rxe4 22. Rb1 Ree8 23. Rxb8 Rxb8 24. e4 Kf8 25. e5 Qd7 26. Qc2 g6 27. Rb1 Qc7 28. Kg2 Rb6 29. h4 h5 30. Re1 Kg7 31. e6 Qe7 32. Qe2 fxe6 33. Qxe6 Qxe6 34. Rxe6 Kf7 35. Re2 a5 36. a4 Rb3 37. Rc2 Ra3 38. Kf3 Rxa4 39. Kf4 Kf6 40. Rb2 Ra3 41. Rb6 Rxc3 42. Rxc6+ Kf7 43. Ke5 Rf3 44. Rc7+ Kf8 45. Kxd5 c3 46. Ke4 Rxf2 47. Rxc3 Rf7 48. Rc8+ Kg7 49. Ra8 Re7+ 50. Kf4 Rf7+ 51. Ke5 Rf5+ 52. Kd6 Rf6+ 53. Kc5 Rf5+ 54. d5 Rf3 55. Rxa5 Rxg3 56. Ra4 Kf7 57. Kd6 Rc3 58. Kd7 Rf3 59. Rc4 Rf5 60. d6 Rd5 61. Rf4+ Kg7 62. Ke6 Rd1 63. d7 Re1+ 64. Kd5 Re8 1-0

[Event "ENG-ch Senior Over 50"]
[Site "Kenilworth"]
[Date "2025.04.25"]
[Round "2.11"]
[White "Richards, Simon"]
[Black "Gardiner, Eric D"]
[Result "1/2-1/2"]
[WhiteElo "1692"]
[BlackElo "1879"]
[PlyCount "53"]
[EventDate "2025.04.24"]
[EventType "swiss"]
[EventRounds "7"]
[EventCountry "ENG"]
[SourceTitle "BritBase"]
[Source "John Saunders"]
[SourceDate "1997.08.31"]
[SourceVersion "1"]
[SourceVersionDate "1997.08.31"]
[SourceQuality "1"]

1. Nc3 d5 2. d4 Nf6 3. Bf4 c5 4. e4 Nxe4 5. Nxe4 dxe4 6. dxc5 Qa5+ 7. c3 Qxc5 8. Qa4+ Nc6 9. Qxe4 g6 10. Nf3 Bg7 11. Qe3 Qxe3+ 12. Bxe3 O-O 13. Be2 Rd8 14. O-O Be6 15. Nd2 Ne5 16. Ne4 b6 17. Bd4 Bd5 18. Nd2 Nc6 19. Bxg7 Kxg7 20. Nf3 Rd6 21. Rfd1 Rad8 22. b3 Kf6 23. Ne1 e5 24. Nc2 Be4 25. Ne3 Rxd1+ 26. Rxd1 Rxd1+ 27. Bxd1 1/2-1/2

[Event "ENG-ch Senior Over 50"]
[Site "Kenilworth"]
[Date "2025.04.25"]
[Round "3.1"]
[White "Davies, Nigel R"]
[Black "Wells, Peter K"]
[Result "1/2-1/2"]
[WhiteElo "2309"]
[BlackElo "2350"]
[PlyCount "24"]
[EventDate "2025.04.24"]
[EventType "swiss"]
[EventRounds "7"]
[EventCountry "ENG"]
[SourceTitle "BritBase"]
[Source "John Saunders"]
[SourceDate "1997.08.31"]
[SourceVersion "1"]
[SourceVersionDate "1997.08.31"]
[SourceQuality "1"]

1. Nf3 d5 2. g3 c6 3. Bg2 Bg4 4. c4 e6 5. O-O Nf6 6. cxd5 Bxf3 7. Bxf3 cxd5 8. d4 Nc6 9. e3 Bd6 10. Nc3 O-O 11. Qe2 Rc8 12. Bd2 a6 1/2-1/2

[Event "ENG-ch Senior Over 50"]
[Site "Kenilworth"]
[Date "2025.04.25"]
[Round "3.2"]
[White "White, Russell P"]
[Black "Dishman, Stephen"]
[Result "0-1"]
[WhiteElo "1874"]
[BlackElo "2279"]
[PlyCount "94"]
[EventDate "2025.04.24"]
[EventType "swiss"]
[EventRounds "7"]
[EventCountry "ENG"]
[SourceTitle "BritBase"]
[Source "John Saunders"]
[SourceDate "1997.08.31"]
[SourceVersion "1"]
[SourceVersionDate "1997.08.31"]
[SourceQuality "1"]

1. e4 c6 2. d4 d5 3. e5 c5 4. c3 Nc6 5. dxc5 Nxe5 6. Nf3 Nxf3+ 7. Qxf3 Nf6 8. Bf4 g6 9. Nd2 Bg7 10. Bb5+ Bd7 11. Bxd7+ Qxd7 12. O-O O-O 13. Be5 Rfd8 14. Rfd1 Qf5 15. Qxf5 gxf5 16. f3 Nd7 17. Bxg7 Kxg7 18. b4 Ne5 19. Re1 Kf6 20. Nb3 e6 21. Na5 Rd7 22. Rad1 b6 23. Nb3 bxc5 24. Nxc5 Rc7 25. Na4 Rc4 26. a3 Rac8 27. Rd4 f4 28. Nc5 Rg8 29. Kf1 Rxd4 30. cxd4 Nc4 31. Re2 Nxa3 32. Ra2 Nb5 33. Ra5 Nxd4 34. Rxa7 Rc8 35. Nd7+ Kf5 36. Nc5 f6 37. Kf2 Nc6 38. Rxh7 Nxb4 39. Nd7 Rc2+ 40. Kf1 d4 41. Nf8 Ke5 42. Nd7+ Kd6 43. Nxf6 d3 44. Ne4+ Ke5 45. g3 Nd5 46. Rh6 Ne3+ 47. Kg1 Rc1+ 0-1

[Event "ENG-ch Senior Over 50"]
[Site "Kenilworth"]
[Date "2025.04.25"]
[Round "3.3"]
[White "Crocker, Philip J"]
[Black "Brett, Andrew R"]
[Result "1/2-1/2"]
[WhiteElo "2137"]
[BlackElo "2060"]
[PlyCount "30"]
[EventDate "2025.04.24"]
[EventType "swiss"]
[EventRounds "7"]
[EventCountry "ENG"]
[SourceTitle "BritBase"]
[Source "John Saunders"]
[SourceDate "1997.08.31"]
[SourceVersion "1"]
[SourceVersionDate "1997.08.31"]
[SourceQuality "1"]

1. c4 e5 2. Nc3 Nf6 3. Nf3 Nc6 4. g3 d5 5. cxd5 Nxd5 6. Bg2 Nb6 7. O-O Be7 8. a3 O-O 9. d3 Be6 10. Be3 Nd5 11. Nxd5 Bxd5 12. Rc1 Nd4 13. Nxe5 Bxg2 14. Kxg2 Qd5+ 15. Nf3 Nxf3 1/2-1/2

[Event "ENG-ch Senior Over 50"]
[Site "Kenilworth"]
[Date "2025.04.25"]
[Round "3.4"]
[White "Walton, Alan J"]
[Black "James, Russell A"]
[Result "1/2-1/2"]
[WhiteElo "2020"]
[BlackElo "2086"]
[PlyCount "23"]
[EventDate "2025.04.24"]
[EventType "swiss"]
[EventRounds "7"]
[EventCountry "ENG"]
[SourceTitle "BritBase"]
[Source "John Saunders"]
[SourceDate "1997.08.31"]
[SourceVersion "1"]
[SourceVersionDate "1997.08.31"]
[SourceQuality "1"]

1. d4 d6 2. e4 Nf6 3. Nc3 Nbd7 4. Nf3 e5 5. Bc4 Be7 6. O-O O-O 7. a4 h6 8. h3 Re8 9. Be3 c6 10. dxe5 Nxe5 11. Nxe5 dxe5 12. Qxd8 1/2-1/2

[Event "ENG-ch Senior Over 50"]
[Site "Kenilworth"]
[Date "2025.04.25"]
[Round "3.5"]
[White "Burrows, Martin P"]
[Black "Regan, Natasha K"]
[Result "1/2-1/2"]
[WhiteElo "2026"]
[BlackElo "2056"]
[PlyCount "27"]
[EventDate "2025.04.24"]
[EventType "swiss"]
[EventRounds "7"]
[EventCountry "ENG"]
[SourceTitle "BritBase"]
[Source "John Saunders"]
[SourceDate "1997.08.31"]
[SourceVersion "1"]
[SourceVersionDate "1997.08.31"]
[SourceQuality "1"]

1. e4 e5 2. Nf3 Nc6 3. d4 exd4 4. Nxd4 Nxd4 5. Qxd4 Ne7 6. Nc3 Nc6 7. Qe3 Bb4 8. Bd2 d6 9. Bc4 Be6 10. Bb3 Qd7 11. O-O-O Bxb3 12. axb3 O-O-O 13. Nd5 Bc5 14. Qg3 1/2-1/2

[Event "ENG-ch Senior Over 50"]
[Site "Kenilworth"]
[Date "2025.04.25"]
[Round "3.6"]
[White "Byron, Alan M"]
[Black "Bolt, Graham"]
[Result "1/2-1/2"]
[WhiteElo "2049"]
[BlackElo "1949"]
[PlyCount "140"]
[EventDate "2025.04.24"]
[EventType "swiss"]
[EventRounds "7"]
[EventCountry "ENG"]
[SourceTitle "BritBase"]
[Source "John Saunders"]
[SourceDate "1997.08.31"]
[SourceVersion "1"]
[SourceVersionDate "1997.08.31"]
[SourceQuality "1"]

1. c4 e5 2. g3 Nf6 3. Bg2 Bc5 4. Nc3 O-O 5. a3 a5 6. Rb1 Nc6 7. d3 h6 8. e3 d6 9. Nge2 Bf5 10. h3 Qd7 11. g4 Bg6 12. Ng3 Rab8 13. b3 Rfe8 14. O-O Ne7 15. b4 axb4 16. axb4 Bb6 17. Ra1 c6 18. d4 Ra8 19. Rxa8 Rxa8 20. dxe5 dxe5 21. Qxd7 Nxd7 22. c5 Bc7 23. Rd1 Nf6 24. Bb2 Rd8 25. Rxd8+ Bxd8 26. e4 Nd7 27. Nf5 f6 28. Nd6 b6 29. Na4 b5 30. Nc3 Bc7 31. Nf5 Nc8 32. Bf1 Kf8 33. Bd3 Bf7 34. h4 Ne7 35. h5 Be6 36. Bc1 Kf7 37. Be3 Nc8 38. f3 Nb8 39. Bd2 Na6 40. Ne2 Ne7 41. Kf1 Kf8 42. Ke1 Nxf5 43. gxf5 Bf7 44. Ng3 Ke7 45. Kd1 Nb8 46. Kc2 Na6 47. Kc3 Nb8 48. Bc2 Na6 49. Be3 Nb8 50. Bb3 Bxb3 51. Kxb3 Nd7 52. Ne2 Nf8 53. Kc2 Nh7 54. Kd3 Nf8 55. Nc1 Nd7 56. Nb3 Nb8 57. Kc3 Kd7 58. Nc1 Ke7 59. Nd3 Nd7 60. Ne1 Bb8 61. Ng2 Bc7 62. Nh4 Nf8 63. Kd3 Kf7 64. Ke2 Nd7 65. Kf2 Nb8 66. Kg3 Nd7 67. Kg4 Bb8 68. Ng2 Bc7 69. Ne1 Bb8 70. Nd3 Bc7 1/2-1/2

[Event "ENG-ch Senior Over 50"]
[Site "Kenilworth"]
[Date "2025.04.25"]
[Round "3.7"]
[White "Homer, Stephen J"]
[Black "Gelder, Stephanie"]
[Result "1-0"]
[WhiteElo "2011"]
[BlackElo "1488"]
[PlyCount "31"]
[EventDate "2025.04.24"]
[EventType "swiss"]
[EventRounds "7"]
[EventCountry "ENG"]
[SourceTitle "BritBase"]
[Source "John Saunders"]
[SourceDate "1997.08.31"]
[SourceVersion "1"]
[SourceVersionDate "1997.08.31"]
[SourceQuality "1"]

1. e4 b6 2. d4 Bb7 3. Nc3 e6 4. a3 Nf6 5. Bd3 c5 6. Nf3 Be7 7. e5 Nd5 8. Ne4 cxd4 9. Nxd4 Nc6 10. Nxc6 dxc6 11. Qg4 g6 12. Bh6 Qd7 13. O-O-O f5 14. exf6 Nxf6 15. Nxf6+ Bxf6 16. Bxg6+ 1-0

[Event "ENG-ch Senior Over 50"]
[Site "Kenilworth"]
[Date "2025.04.25"]
[Round "3.8"]
[White "Lazarus, Simon E"]
[Black "Anderson, Richard"]
[Result "1/2-1/2"]
[WhiteElo "1874"]
[BlackElo "1928"]
[PlyCount "87"]
[EventDate "2025.04.24"]
[EventType "swiss"]
[EventRounds "7"]
[EventCountry "ENG"]
[SourceTitle "BritBase"]
[Source "John Saunders"]
[SourceDate "1997.08.31"]
[SourceVersion "1"]
[SourceVersionDate "1997.08.31"]
[SourceQuality "1"]

1. d4 Nf6 2. c4 c6 3. Nc3 d5 4. cxd5 cxd5 5. Bf4 Nc6 6. e3 a6 7. Bd3 e6 8. Nf3 Be7 9. h3 Nd7 10. Rc1 g5 11. Bg3 Bf6 12. e4 Nxd4 13. Nxd4 Bxd4 14. exd5 e5 15. O-O Nc5 16. Re1 Qe7 17. Ne2 Bxb2 18. Rb1 Nxd3 19. Qxd3 e4 20. Qc4 Bg7 21. Nc3 O-O 22. Nxe4 b5 23. Qc1 Rd8 24. d6 Qe6 25. a4 Qg6 26. axb5 axb5 27. Rxb5 h6 28. Qc5 Be6 29. Be5 Rac8 30. Qd4 Rc4 31. Qe3 Bxe5 32. Rxe5 Rxe4 33. Qxe4 Qxe4 34. R5xe4 Rxd6 35. Rb4 Kg7 36. g3 Kg6 37. h4 Rc6 38. Reb1 Rd6 39. Rb6 Rd4 40. hxg5 hxg5 41. Re1 Kf6 42. Rb8 Rc4 43. Rf1 Rc3 44. Rb5 1/2-1/2

[Event "ENG-ch Senior Over 50"]
[Site "Kenilworth"]
[Date "2025.04.25"]
[Round "3.9"]
[White "Gardiner, Eric D"]
[Black "Hill, Andy"]
[Result "1/2-1/2"]
[WhiteElo "1879"]
[BlackElo "1996"]
[PlyCount "132"]
[EventDate "2025.04.24"]
[EventType "swiss"]
[EventRounds "7"]
[EventCountry "ENG"]
[SourceTitle "BritBase"]
[Source "John Saunders"]
[SourceDate "1997.08.31"]
[SourceVersion "1"]
[SourceVersionDate "1997.08.31"]
[SourceQuality "1"]

1. d4 Nf6 2. Bg5 g6 3. Bxf6 exf6 4. c4 d5 5. cxd5 Qxd5 6. Nc3 Qa5 7. e3 Bd6 8. Bc4 O-O 9. Qf3 Nd7 10. Nge2 c6 11. O-O f5 12. a3 Qc7 13. g3 Nf6 14. Rac1 Qe7 15. Nf4 Ne4 16. Qe2 Bd7 17. Nd3 Rae8 18. Rfe1 h5 19. f4 Kg7 20. Ne5 Bc8 21. Nxe4 fxe4 22. Ba2 f6 23. Nc4 Bg4 24. Qf2 h4 25. Nxd6 Qxd6 26. Bc4 hxg3 27. Qxg3 Bd7 28. Re2 Rh8 29. Rg2 Rh6 30. h4 f5 31. Rcc2 Reh8 32. Rh2 Be6 33. Bf1 Bf7 34. Rcd2 Kf8 35. Rc2 Ke8 36. Rc5 Qf6 37. b4 Rxh4 38. Rxh4 Rxh4 39. Kf2 Bd5 40. b5 b6 41. Rc1 Kd7 42. bxc6+ Bxc6 43. Bg2 Rg4 44. Qh3 Qh4+ 45. Qxh4 Rxh4 46. Rc4 Rh8 47. Rb4 Kd6 48. Bf1 Rc8 49. Ba6 Rc7 50. Rc4 Rh7 51. Rc3 Rh2+ 52. Kg3 Rb2 53. Kh4 Rg2 54. Kh3 Rd2 55. Kh4 b5 56. Rc5 Ra2 57. Bxb5 Bxb5 58. Rxb5 Rxa3 59. Kg5 Rxe3 60. Kxg6 Rd3 61. Kxf5 Rxd4 62. Re5 a5 63. Rxe4 Rxe4 64. Kxe4 a4 65. Kd4 a3 66. Kc3 Ke6 1/2-1/2

[Event "ENG-ch Senior Over 50"]
[Site "Kenilworth"]
[Date "2025.04.25"]
[Round "3.10"]
[White "Staples, Daniel J"]
[Black "Hebden, Mark L"]
[Result "0-1"]
[WhiteElo "1952"]
[BlackElo "2383"]
[PlyCount "110"]
[EventDate "2025.04.24"]
[EventType "swiss"]
[EventRounds "7"]
[EventCountry "ENG"]
[SourceTitle "BritBase"]
[Source "John Saunders"]
[SourceDate "1997.08.31"]
[SourceVersion "1"]
[SourceVersionDate "1997.08.31"]
[SourceQuality "1"]

1. d4 Nf6 2. Nf3 g6 3. c4 Bg7 4. Nc3 O-O 5. e4 d6 6. Be2 e5 7. d5 Na6 8. Nd2 h5 9. h3 Bd7 10. g4 hxg4 11. hxg4 Nh7 12. Nf1 Ng5 13. Ng3 f6 14. Be3 Kf7 15. Qd2 Qe7 16. O-O-O Rh8 17. Bxg5 fxg5 18. Rxh8 Rxh8 19. Rh1 Rh4 20. f3 Qf6 21. Rg1 Bf8 22. Nf1 Be7 23. Kb1 Qh8 24. Qe3 Qb8 25. Qf2 c6 26. Ne3 Bd8 27. Qf1 Bb6 28. Ncd1 Qh8 29. Rg3 Bd4 30. a3 Nc7 31. Bd3 a6 32. Qe2 Rh1 33. Ka2 Qh4 34. Rg2 Qe1 35. Qxe1 Rxe1 36. Re2 Rh1 37. Rg2 a5 38. Be2 Na6 39. Nc2 Nc5 40. b3 Nd3 41. Bxd3 Rxd1 42. Be2 Rh1 43. b4 a4 44. Bd3 Kf6 45. dxc6 bxc6 46. b5 Bb6 47. Re2 cxb5 48. cxb5 Be6+ 49. Kb2 Rh3 50. Ne1 Ba5 51. Re3 Bxg4 52. Bc2 Be6 53. Bxa4 g4 54. Bd1 Rh2+ 55. Re2 g3 0-1

[Event "ENG-ch Senior Over 50"]
[Site "Kenilworth"]
[Date "2025.04.25"]
[Round "3.11"]
[White "Matthews, Adrian MS"]
[Black "Faulkner, Martin J"]
[Result "1/2-1/2"]
[WhiteElo "1830"]
[BlackElo "1796"]
[PlyCount "31"]
[EventDate "2025.04.24"]
[EventType "swiss"]
[EventRounds "7"]
[EventCountry "ENG"]
[SourceTitle "BritBase"]
[Source "John Saunders"]
[SourceDate "1997.08.31"]
[SourceVersion "1"]
[SourceVersionDate "1997.08.31"]
[SourceQuality "1"]

1. e4 e5 2. Nf3 Nf6 3. d3 Nc6 4. g3 Bc5 5. Bg2 d6 6. c3 O-O 7. O-O Bg4 8. Qc2 Bb6 9. Nbd2 Qd7 10. Nc4 Bh3 11. a4 Bxg2 12. Kxg2 a6 13. Nxb6 cxb6 14. Be3 Qc7 15. Qb3 Nd7 16. Nh4 1/2-1/2

[Event "ENG-ch Senior Over 50"]
[Site "Kenilworth"]
[Date "2025.04.25"]
[Round "3.12"]
[White "Alldritt, Nigel RE"]
[Black "Richards, Simon"]
[Result "1-0"]
[WhiteElo "1952"]
[BlackElo "1692"]
[PlyCount "49"]
[EventDate "2025.04.24"]
[EventType "swiss"]
[EventRounds "7"]
[EventCountry "ENG"]
[SourceTitle "BritBase"]
[Source "John Saunders"]
[SourceDate "1997.08.31"]
[SourceVersion "1"]
[SourceVersionDate "1997.08.31"]
[SourceQuality "1"]

1. d4 e6 2. c4 f5 3. g3 Nf6 4. Bg2 Be7 5. Nf3 d5 6. O-O Ne4 7. Nc3 c6 8. Qc2 Nd7 9. b3 O-O 10. Bb2 Qe8 11. Ne1 Bd6 12. Nd3 Nxc3 13. Bxc3 f4 14. Nxf4 Bxf4 15. gxf4 Rxf4 16. e3 Rh4 17. f3 e5 18. cxd5 cxd5 19. Be1 Rh6 20. Bg3 exd4 21. exd4 Nf6 22. Rae1 Qf7 23. Re5 Nh5 24. Rfe1 Rc6 25. Qd1 1-0

[Event "ENG-ch Senior Over 50"]
[Site "Kenilworth"]
[Date "2025.04.26"]
[Round "4.1"]
[White "Wells, Peter K"]
[Black "Ciuravin, Andrei"]
[Result "1/2-1/2"]
[WhiteElo "2350"]
[BlackElo "2060"]
[PlyCount "121"]
[EventDate "2025.04.24"]
[EventType "swiss"]
[EventRounds "7"]
[EventCountry "ENG"]
[SourceTitle "BritBase"]
[Source "John Saunders"]
[SourceDate "1997.08.31"]
[SourceVersion "1"]
[SourceVersionDate "1997.08.31"]
[SourceQuality "1"]

1. d4 d6 2. Nf3 Bg4 3. e4 Nf6 4. Nc3 e6 5. h3 Bh5 6. d5 e5 7. g4 Bg6 8. Qe2 c6 9. Bg5 Be7 10. Bxf6 Bxf6 11. h4 h6 12. O-O-O Qc7 13. Bh3 Be7 14. g5 Bh5 15. Kb1 c5 16. Qe3 Nd7 17. Rdg1 O-O-O 18. gxh6 gxh6 19. Nd2 Kb8 20. a4 a6 21. Bf5 Nf8 22. Nf1 Ng6 23. Ng3 Nf4 24. Nxh5 Nxh5 25. Ne2 Bf6 26. Bg4 Nf4 27. Nxf4 exf4 28. Qxf4 Qe7 29. Bh5 Rdf8 30. Rh3 Qe5 31. Qxe5 Bxe5 32. Rf3 Rh7 33. Rf5 Kc7 34. c3 Rg7 35. Rxg7 Bxg7 36. Bxf7 Kd8 37. Kc2 Ke7 38. Be6 Rxf5 39. Bxf5 a5 40. f4 h5 41. Kd3 Bf6 42. Bg6 Bxh4 43. Bxh5 Bg3 44. f5 Bf4 45. Kc4 Bc1 46. b3 Bd2 47. e5 dxe5 48. Kxc5 Bxc3 49. d6+ Kd7 50. f6 Bb4+ 51. Kd5 Bxd6 52. Bg4+ Kc7 53. Bh3 Bf8 54. Kxe5 Kd8 55. Ke6 Ke8 56. Bg2 Bb4 57. Bxb7 Kf8 58. Bd5 Be1 59. Kd7 Bc3 60. f7 Bb4 61. Kc6 1/2-1/2

[Event "ENG-ch Senior Over 50"]
[Site "Kenilworth"]
[Date "2025.04.26"]
[Round "4.2"]
[White "Dishman, Stephen"]
[Black "Crocker, Philip J"]
[Result "1/2-1/2"]
[WhiteElo "2279"]
[BlackElo "2137"]
[PlyCount "79"]
[EventDate "2025.04.24"]
[EventType "swiss"]
[EventRounds "7"]
[EventCountry "ENG"]
[SourceTitle "BritBase"]
[Source "John Saunders"]
[SourceDate "1997.08.31"]
[SourceVersion "1"]
[SourceVersionDate "1997.08.31"]
[SourceQuality "1"]

1. Nf3 Nf6 2. c4 g6 3. Nc3 Bg7 4. g3 O-O 5. Bg2 c5 6. O-O Nc6 7. d4 d6 8. dxc5 dxc5 9. Bf4 Nh5 10. Be3 b6 11. Qc1 Bb7 12. Bh6 f6 13. g4 Bxh6 14. Qxh6 Ng7 15. Rad1 Qe8 16. Nh4 Na5 17. Nd5 Rd8 18. b3 e6 19. Nc3 Bxg2 20. Nxg2 Qe7 21. Ne4 Nc6 22. g5 fxg5 23. Qxg5 Qxg5 24. Nxg5 h6 25. Ne4 Nd4 26. Rd2 g5 27. Kh1 Ngf5 28. Rfd1 Nc6 29. e3 Rxd2 30. Rxd2 Rd8 31. Rxd8+ Nxd8 32. Ne1 Nc6 33. Nd3 Kg7 34. Kg2 Kg6 35. h3 Nh4+ 36. Kg3 Nf5+ 37. Kf3 Nh4+ 38. Kg3 Nf5+ 39. Kg4 Nh4 40. Kg3 1/2-1/2

[Event "ENG-ch Senior Over 50"]
[Site "Kenilworth"]
[Date "2025.04.26"]
[Round "4.3"]
[White "James, Russell A"]
[Black "Davies, Nigel R"]
[Result "1/2-1/2"]
[WhiteElo "2086"]
[BlackElo "2309"]
[PlyCount "39"]
[EventDate "2025.04.24"]
[EventType "swiss"]
[EventRounds "7"]
[EventCountry "ENG"]
[SourceTitle "BritBase"]
[Source "John Saunders"]
[SourceDate "1997.08.31"]
[SourceVersion "1"]
[SourceVersionDate "1997.08.31"]
[SourceQuality "1"]

1. Nf3 Nf6 2. c4 g6 3. g3 Bg7 4. Bg2 O-O 5. O-O d6 6. Nc3 Nc6 7. d3 a6 8. Rb1 Rb8 9. b4 b5 10. cxb5 axb5 11. a4 bxa4 12. b5 Ne5 13. Nxe5 dxe5 14. Qxa4 Bb7 15. Bxb7 Rxb7 16. Be3 Qd7 17. Ne4 Nxe4 18. dxe4 Rfb8 19. Rfc1 Bf8 20. Qc4 1/2-1/2

[Event "ENG-ch Senior Over 50"]
[Site "Kenilworth"]
[Date "2025.04.26"]
[Round "4.4"]
[White "Brett, Andrew R"]
[Black "Walton, Alan J"]
[Result "1/2-1/2"]
[WhiteElo "2060"]
[BlackElo "2020"]
[PlyCount "61"]
[EventDate "2025.04.24"]
[EventType "swiss"]
[EventRounds "7"]
[EventCountry "ENG"]
[SourceTitle "BritBase"]
[Source "John Saunders"]
[SourceDate "1997.08.31"]
[SourceVersion "1"]
[SourceVersionDate "1997.08.31"]
[SourceQuality "1"]

1. d4 d5 2. c4 c6 3. Nf3 Nf6 4. e3 Bg4 5. Qb3 Qc7 6. Ne5 Bh5 7. cxd5 cxd5 8. Nc3 e6 9. Bd2 Nfd7 10. Rc1 Nc6 11. Nxc6 bxc6 12. Na4 a6 13. Qc2 Nb8 14. Nc5 Bd6 15. h3 O-O 16. Bd3 Bg6 17. Bxg6 hxg6 18. O-O Rc8 19. Qa4 g5 20. Rc2 Qe7 21. Nd3 g4 22. Bb4 gxh3 23. Bxd6 Qxd6 24. gxh3 g6 25. Qb4 Qxb4 26. Nxb4 a5 27. Nd3 Nd7 28. Rfc1 Ra6 29. b3 Kf8 30. Nb2 Ke7 31. Na4 1/2-1/2

[Event "ENG-ch Senior Over 50"]
[Site "Kenilworth"]
[Date "2025.04.26"]
[Round "4.5"]
[White "Burrows, Martin P"]
[Black "Staples, Daniel J"]
[Result "1/2-1/2"]
[WhiteElo "2026"]
[BlackElo "1952"]
[PlyCount "41"]
[EventDate "2025.04.24"]
[EventType "swiss"]
[EventRounds "7"]
[EventCountry "ENG"]
[SourceTitle "BritBase"]
[Source "John Saunders"]
[SourceDate "1997.08.31"]
[SourceVersion "1"]
[SourceVersionDate "1997.08.31"]
[SourceQuality "1"]

1. e4 e6 2. d4 d5 3. e5 c5 4. c3 Nc6 5. Nf3 Nge7 6. a3 Nf5 7. b4 cxd4 8. cxd4 Bd7 9. Bb2 b5 10. Bd3 Nh4 11. O-O Nxf3+ 12. Qxf3 a5 13. Qe2 Qb8 14. Nd2 axb4 15. axb4 Bxb4 16. Nf3 Be7 17. Rxa8 Qxa8 18. Bxb5 O-O 19. Ra1 Qb7 20. Bd3 Ra8 21. Rxa8+ 1/2-1/2

[Event "ENG-ch Senior Over 50"]
[Site "Kenilworth"]
[Date "2025.04.26"]
[Round "4.6"]
[White "Bolt, Graham"]
[Black "White, Russell P"]
[Result "0-1"]
[WhiteElo "1949"]
[BlackElo "1874"]
[PlyCount "82"]
[EventDate "2025.04.24"]
[EventType "swiss"]
[EventRounds "7"]
[EventCountry "ENG"]
[SourceTitle "BritBase"]
[Source "John Saunders"]
[SourceDate "1997.08.31"]
[SourceVersion "1"]
[SourceVersionDate "1997.08.31"]
[SourceQuality "1"]

1. Nf3 d5 2. g3 Nf6 3. Bg2 c6 4. O-O Bg4 5. h3 Bf5 6. d3 Nbd7 7. c4 dxc4 8. dxc4 e5 9. Nc3 Bb4 10. Bd2 Qc7 11. a3 Be7 12. b4 O-O 13. c5 Rfd8 14. Qc1 a5 15. Qb2 b6 16. Nh4 Be6 17. cxb6 Nxb6 18. Bg5 axb4 19. axb4 Nc4 20. Qc1 Rab8 21. Rd1 Rxd1+ 22. Nxd1 h6 23. Bxf6 Bxf6 24. Ra6 Rb6 25. Rxb6 Qxb6 26. Nc3 Be7 27. b5 cxb5 28. Nd5 Bxd5 29. Bxd5 Bxh4 30. gxh4 Qg6+ 31. Kf1 Qf5 32. Qc3 e4 33. Bxc4 bxc4 34. Ke1 Qd5 35. Qd2 Qe6 36. Qd4 f5 37. Kd2 Kh7 38. h5 Qf7 39. h4 Qxh5 40. Qd5 Qg4 41. Qe6 Qf4+ 0-1

[Event "ENG-ch Senior Over 50"]
[Site "Kenilworth"]
[Date "2025.04.26"]
[Round "4.7"]
[White "Regan, Natasha K"]
[Black "Byron, Alan M"]
[Result "1/2-1/2"]
[WhiteElo "2056"]
[BlackElo "2049"]
[PlyCount "54"]
[EventDate "2025.04.24"]
[EventType "swiss"]
[EventRounds "7"]
[EventCountry "ENG"]
[SourceTitle "BritBase"]
[Source "John Saunders"]
[SourceDate "1997.08.31"]
[SourceVersion "1"]
[SourceVersionDate "1997.08.31"]
[SourceQuality "1"]

1. Nf3 Nf6 2. c4 e6 3. g3 d5 4. Bg2 Be7 5. O-O c5 6. cxd5 exd5 7. d4 Nc6 8. Nc3 O-O 9. dxc5 Bxc5 10. a3 h6 11. b4 Be7 12. Bb2 Be6 13. Nd4 Bg4 14. h3 Be6 15. e3 Rc8 16. Nxe6 fxe6 17. Qb3 Kh8 18. Rad1 Qe8 19. Ne2 Qf7 20. Qd3 Rfd8 21. Nf4 Bd6 22. Rfe1 Bb8 23. Bc3 Kg8 24. Ng6 e5 25. Qf5 Ne7 26. Nxe7+ Qxe7 27. Rc1 Qd7 1/2-1/2

[Event "ENG-ch Senior Over 50"]
[Site "Kenilworth"]
[Date "2025.04.26"]
[Round "4.8"]
[White "Faulkner, Martin J"]
[Black "Alldritt, Nigel RE"]
[Result "1/2-1/2"]
[WhiteElo "1796"]
[BlackElo "1952"]
[PlyCount "57"]
[EventDate "2025.04.24"]
[EventType "swiss"]
[EventRounds "7"]
[EventCountry "ENG"]
[SourceTitle "BritBase"]
[Source "John Saunders"]
[SourceDate "1997.08.31"]
[SourceVersion "1"]
[SourceVersionDate "1997.08.31"]
[SourceQuality "1"]

1. c4 e5 2. Nc3 Bb4 3. Nd5 Bc5 4. Nf3 c6 5. Nc3 d6 6. e3 Nf6 7. d4 exd4 8. exd4 Bb4 9. Qe2+ Qe7 10. Qxe7+ Kxe7 11. Bd2 Re8 12. O-O-O Bg4 13. Bd3 Nbd7 14. Rde1+ Kf8 15. Ng5 h6 16. Nh7+ Nxh7 17. Bxh7 Nf6 18. Bd3 Bh5 19. f3 Bg6 20. Bxg6 fxg6 21. Ne4 Bxd2+ 22. Kxd2 Rad8 23. Kd3 Kf7 24. Nc3 Rxe1 25. Rxe1 Re8 26. Ne4 Rd8 27. b3 Nh5 28. g3 Nf6 29. Nc3 1/2-1/2